LEADER 01049nam0-2200349li-450 001 990000144320203316 005 20180312154620.0 010 $a0-85274-318-1 035 $a0014432 035 $aUSA010014432 035 $a(ALEPH)000014432USA01 035 $a0014432 100 $a20001109d1990----km-y0itay0103----ba 101 0 $aeng 102 $aGB 200 1 $aCompact numerical methods for computers$elinear algebra and function minimisation$fJohn C. Nash 205 $a2nd ed 210 $aBrsitol$cAdam Higler$d1990 610 1 $aanalisi numerica applicazione agli elabo 676 $a519.4$9. 700 1$aNash,$bJohn C.$015588 801 $aSistema bibliotecario di Ateneo dell' Università di Salerno$gRICA 912 $a990000144320203316 951 $a519.4 NAS$b0002362 959 $aBK 969 $aTEC 979 $c19950111 979 $c20001110$lUSA01$h1712 979 $c20020403$lUSA01$h1622 979 $aPATRY$b90$c20040406$lUSA01$h1611 996 $aCompact numerical methods for computers$9911383 997 $aUNISA LEADER 01485nam a2200361 i 4500 001 991000927879707536 005 20020507180024.0 008 950904s1991 uk ||| | eng 020 $a0198535376 035 $ab10777039-39ule_inst 035 $aLE01304447$9ExL 040 $aDip.to Matematica$beng 082 0 $a516.5 084 $aAMS 51E 084 $aQA471.H58 100 1 $aHirschfeld, James William Peter$041853 245 10$aGeneral Galois geometries /$cby J. W. P. Hirschfeld and J. A. Thas 260 $aOxford :$bClarendon Press ; New York : Oxford University Press,$c1991 300 $axii, 407 p. ;$c24 cm. 490 0 $aOxford mathematical monographs 490 0 $aOxford science publications 500 $aContinues: Projective geometries over finite fields (1979) and Finite projective spaces of three dimensions (1985). 500 $aIncludes bibliographical references (p. [351]-387) and indexes 650 4$aModular fields 650 4$aProjective geometry 700 1 $aThas, Joseph Adolf 907 $a.b10777039$b23-02-17$c28-06-02 912 $a991000927879707536 945 $aLE013 51E HIR11 C.1 (1991)$g2$i2013000036311$lle013$o-$pE0.00$q-$rl$s- $t4$u3$v66$w3$x0$y.i10876042$z28-06-02 945 $aLE013 51E HIR11 C.2 (1991)$g1$i2013000101873$lle013$o-$pE0.00$q-$rl$s- $t0$u11$v0$w11$x0$y.i10876054$z28-06-02 996 $aGeneral Galois geometries$9922761 997 $aUNISALENTO 998 $ale013$b01-01-95$cm$da $e-$feng$guk $h0$i2 LEADER 02012nam 2200469 450 001 9910703782703321 005 20150501145434.0 035 $a(CKB)5470000002433891 035 $a(OCoLC)908262703 035 $a(EXLCZ)995470000002433891 100 $a20150501d2014 ua 0 101 0 $aeng 135 $aur||||||||||| 181 $ctxt$2rdacontent 182 $cc$2rdamedia 183 $acr$2rdacarrier 200 10$aEnvironment $ecooperation : agreement between the United States of America and the United Nations Environment Programme extending and amending agreement of December 21, 2004, signed at Washington, November 21, 2014 210 1$a[Washington, D.C.] :$cUnited States Department of State,$d[2014?] 215 $a1 online resource (4 unnumbered pages) 225 1 $aTreaties and other international acts series ;$v14-1121 300 $aTitle from title screen (viewed on May 1, 2015). 517 $aAgreement between the Government of the United States of America and the United Nations Environment Programme 606 $aEnvironmental monitoring$xLaw and legislation$zUnited States 606 $aEnvironmental risk assessment$xLaw and legislation$zUnited States 606 $aEnvironmental monitoring$zNorth America 606 $aEnvironmental risk assessment$zNorth America 606 $aCommunication in the environmental sciences$xInternational cooperation 608 $aTreaties.$2lcgft 615 0$aEnvironmental monitoring$xLaw and legislation 615 0$aEnvironmental risk assessment$xLaw and legislation 615 0$aEnvironmental monitoring 615 0$aEnvironmental risk assessment 615 0$aCommunication in the environmental sciences$xInternational cooperation. 712 02$aUnited States.$bDepartment of State, 712 02$aUnited Nations Environment Programme, 712 02$aUnited States, 801 0$bGPO 801 1$bGPO 906 $aBOOK 912 $a9910703782703321 996 $aEnvironment$9281225 997 $aUNINA